A Textbook of Material Science & Engineering / (رقم التسجيلة. 31139)

تفاصيل مارك
000 -الفاتح
حقل البيانات ثابتة الطول 00521nam a2200193 a 4500
001 - رقم الضبط
رقم الضبط ASIN8188826324
003 - محدد رقم الضبط
رقم الضبط OSt
005 - وقت وتاريخ اخر تعامل مع التسجيلة
رقم الضبط 20150408114142.0
008 - عناصر البيانات ثابتة الطول - معلومات عامة
حقل البيانات ثابتة الطول 130927s2012 xxu eng d
020 ## - الرقم الدولى المعيارى للكتب
الرقم الدولى المعيارى للكتاب 9789350144183
040 ## - مصدر الفهرسة
وكالة الفهرسة الأصلية Ma-Un
082 ## - رقم تصنيف ديوى العشرى
رقم الطبعة 22
رقم التصنيف 620
100 1# - المدخل الرئيسى - إسم شخصى
الإسم الشخصى Rajput, R. K.
9 (RLIN) 37517
245 10 - بيان العنوان
العنوان A Textbook of Material Science & Engineering /
بيان المسئوليه,etc R. K. Rajput
260 ## - PUBLICATION, DISTRIBUTION, ETC. (IMPRINT)
مكان الناشر او الموزع New Delhi :
اسم الناشر او الموزع S. K. Kataria & Sons
تاريخ النشر أو التوزيع 2013.
300 ## - الوصف المادى
التعداد 1083 P.
أبعاد الوعاء 25 cm
650 ## - المدخل الاضافى بالموضوع-مصطلح موضوعى
مصطلح موضوعي أو اسم جغرافي كعنصر مدخل engineering
9 (RLIN) 37519
942 ## - عناصر المدخل الإضافي( كوها)
مصدر التصنيف او مخطط الترفيف Dewey Decimal Classification
Koha [default] item type كتاب
المقتنيات
حالة الفقد نموذج السعر الفعال حالة تلف ليس للاعارة رقم الطلب رقم النسخة تاريخ الاكتساب الموقع الحالي الباركود الفرع الرئيسي Date last seen نوع المادة فى نظام كوها مصدر التصنيف او خطة الترفيف Total Checkouts
  2013-10-07     620 RRT n1 2013-10-07 المكتبة المركزية بالمجمعة (CL) 00451347 المكتبة المركزية بالمجمعة (CL) 2013-10-07 كتاب Dewey Decimal Classification  
  2013-10-07     620 RRT n2 2013-10-07 المكتبة المركزية بالمجمعة (CL) 00451352 المكتبة المركزية بالمجمعة (CL) 2013-10-07 كتاب Dewey Decimal Classification  
  2013-10-07   Not For Loan 620 RRT n3 2013-10-07 المكتبة المركزية بالمجمعة (CL) 00451350 المكتبة المركزية بالمجمعة (CL) 2013-10-07 كتاب Dewey Decimal Classification  
  2013-10-07     620 RRT n1 2013-10-07 مكتبة مجمع الكليات بالزلفى - طلاب (SZM) 00451346 مكتبة مجمع الكليات بالزلفى - طلاب (SZM) 2013-10-07 كتاب Dewey Decimal Classification  
  2013-10-07     620 RRT n2 2013-10-07 مكتبة مجمع الكليات بالزلفى - طلاب (SZM) 00451348 مكتبة مجمع الكليات بالزلفى - طلاب (SZM) 2013-10-07 كتاب Dewey Decimal Classification  
  2013-10-07   Not For Loan 620 RRT n3 2013-10-07 مكتبة مجمع الكليات بالزلفى - طلاب (SZM) 00451349 مكتبة مجمع الكليات بالزلفى - طلاب (SZM) 2013-10-07 كتاب Dewey Decimal Classification